000 00736nam a2200253Ia 4500
003 OSt
005 20221006153755.0
006 a|||||r|||| 00| 0
007 ta
008 221006b |||||||| |||| 00| 0 eng d
020 _a9780824830915
024 _a33,312
037 _cAnnuals, Advances
040 _aEASL
_cEASL
_beng
041 _2eng
_aeng
082 _aO41v, 111P7
100 _aZEITLIN Judith T. Au.
_9665394
245 0 _aPhantom Heroine ghosts and gender in 17th century Chinese Literature
260 _aHonolulu
_bUniversity of Hawai Press
_c2007
300 _axiii,296p.
_ccm.
650 _aCEL
942 _hO41v, 111P7
_cREF
_2CC
999 _c1101398
_d1101398